Villes de France par satellittes #2 - Statistiques

Statistiques générales
  • Ce quiz a été pris 96 fois
  • Le résultat moyen est 10 sur 30
Statistiques - réponses
Par images Réponse % Correct
Paris
96%
Marseille
87%
Grenoble
70%
Calais
68%
Dunkerque
63%
Nantes
61%
Besançon
49%
Nîmes
46%
Bastia
39%
Les Sables d'Olonne
38%
Perpignan
34%
Angers
28%
Rennes
28%
Bayonne
27%
Nouméa
24%
Le Mans
21%
Nancy
20%
Aix en Provence
18%
Les Abymes
18%
Angoulême
17%
Limoges
17%
Quimper
17%
Arras
15%
Bourg en Bresse
13%
Chalon sur Saône
13%
Charleville Mézières
13%
La Roche sur Yon
13%
Meaux
11%
Albi
10%
Salon de Provence
7%
Aucun quiz correspondant
Distribution des résultats
% des personnes avec chaque résultat
Percentile par nombre de réponses
Votre historique - résultats
Vous n’avez pas pris ce quiz